LEADER 01180nam a2200217 i 4500 001 000000073682 003 CaOOAMICUS 005 20110517000000.0 008 110517s1803 it u000 u mul u 013 $a44854 026 $ae.ra S.1. e.i, mi"A (3) 1803 (R) 040 $aSeMil$bita 245 10$aTomo primo. 260 $aIn Venezia :$bpresso Antonio Rosa, e Pietro Sola,$c1803. 300 $aXX, 568 ;$c4°. 773 0 $tVocabolario italiano-latino per uso degli studiosi di belle lettere nelle regie scuole di Torino, in cui si contengono le frasi piu eleganti e difficili, i modi di dire, proverbj ec. dell'una e l'altra lingua; ... Tomo primo [-secundus].$bNovissima edizione, che oltre le aggiunte gia fatte a detta opera, contiene le voci chimiche, di vegetabili, di minerali, e d'antica erudizione.$dIn Venezia : presso Antonio Rosa, e Pietro Sola, 1803.$g1$w()24940 850 $aSeMil 852 $aSeMil$W1$xVenegono$y1$m1A IV 17 FA$j39834$B39834$CSeMilBibl$Z2$F39838 $8I 961 $aEx libris G. Gobbi 996 $6245$aTomo primo$9(OLS)http://semarc/title/46790 996 $6260$aIn Venezia :$bpresso Antonio Rosa, e Pietro Sola$9(OLS)http://semarc/publisher/36292 LEADER 00993nam a2200241 i 4500 001 000000074088 003 CaOOAMICUS 005 20070407000000.0 008 070407s1967 it u000 u ita u 013 $a45260 040 $aSeMil$bita 100 1 $aSozzi, Giuseppe.$0(OLS)http://semarc/name/36773 245 10$aGabriele d'Annunzio nella vita e nell'arte /$cGiuseppe Sozzi. 260 $aFirenze :$bLa Nuova Italia,$cstampa 1967 (copyr. 1964) 300 $a325 p. ;$c20 cm. 490 0 $aCollana critica ;$v76 500 $aContiene : Appendice bibliografica. 600 14$aD'Annunzio, Gabriele <1863-1938>.$0(OLS)http://semarc/subject/2333 830 0$aCollana critica ;$v76.$0(OLS)http://semarc/title/14466 850 $aSeMil 852 $aSeMil$W1$xVenegono$y1$m1B IV 31$j40240$B40240$CSeMilBibl$Z2$F40244 $81 996 $6245$aGabriele d'Annunzio nella vita e nell'arte$9(OLS)http://semarc/title/120200 996 $6260$aFirenze :$bLa Nuova Italia$9(OLS)http://semarc/publisher/30055